000 00617cam a22002053a 4500
001 39585
003 PGUSA
005 20140828083859.0
008 120430s2012||||xxu|||||s|||||000 | eng d
040 _aPGUSA
_beng
042 _adc
100 1 _aBarbellion, Wilhelm Nero Pilate,
_d1889-1919
245 1 4 _aThe Journal of a Disappointed Man
_h[electronic resource] /
_cWilhelm Nero Pilate Barbellion
260 _bProject Gutenberg,
_c2012
506 _aPublic domain in the USA.
516 _aElectronic text
830 0 _aProject Gutenberg
_v39585
856 4 0 _uhttp://www.gutenberg.org/ebooks/39585
942 _cEB
999 _c268838
_d268838